1364 1028 1597 1598 1663 1011 1324 1556 1473 1896 1274 1113 1340 1551 1438 1557 1634 1894 1628 1850 1844 1736 1079 1458 1680 1929 1099 1920 1821 1422 1146 1060 1564 1010 1445 1483 1720 1457 1510 1352 1269 1143 1323 1809 1534 1403 1208 1460 1417 1964 1330 1152 1666 1849 1524 1365 1482 1162 1572 1950 1201 1786 1817 1182 1717 1097 1594 1095 1859 1435 1145 1176 1310 1434 1309 1988 1737 1921 1019 1788 1249 1783 1134 1102 1823 1375 1339 1597 1889 1530 1414 1708 1292 1705 1731 1047 1377 1824 1709 BCNSPRNW ULIB Ver.6.0+V

เปลี่ยนเป็นภาษาไทย

Change to English
 แสดงรายละเอียดบรรณานุกรม
  กลับหน้าหลัก

Brief Record : Get Marc (ISO 2709) : E-mail record : QR code < ปิดหน้าต่าง
LEADER : 00000nam 2200000uu 4500
001    13399120498
003     ULIB
008    120921s2553||||th 000 0 tha d
020    ^a9786165091213
060  4 ^aWB935^bธ649ก 2553
100 0  ^aธีระวุฒิ ปัญญา
245 00 ^aกองทัพผลไม้ ปราบมะเร็ง/^cธีระวุฒิ ปัญญา
260    ^aกรุงเทพฯ:^bกู๊ดลัค,^c2553
300    ^a173 หน้า
650  7 ^aการรักษาด้วยธรรมชาติ
650  7 ^aผลไม้ต้องกันโรคมะเร็ง
650  7 ^aเนื้องอก
945    ^p140^l0^i17832
995    ^aกัณชพร
999 ^a ใช้งานได้ทุกระบบ
รายการนี้ยังไม่มีแท็ก
คุณยังไม่ได้ล็อกอิน คุณสามารถมีกิจกรรมร่วมกับเว็บไซต์ได้ แต่ต้องล็อกอินก่อน ::
  ล็อกอิน

รายการสื่อสารสนเทศ

ลำดับที่ ประเภท เลขเรียก/บาร์โค้ด สถานที่ สถานะ
1. วิทยาศาสตร์การแพทย์ และสุขภาพ
วิทยาศาสตร์การแพทย์ และสุขภาพ
สถานะ=หนังสือเก่า
WB935 ธ649ก 2553  
  Barcode: 17832
ห้องสมุดวิทยาเขตนครสวรรค์
►ส่วนจัดเก็บหนังสือเก่า นว.
บนชั้น
  ขอยืม

รายการใกล้เคียง
    ผู้แต่ง [ธีระวุฒิ ปัญญา]

    หัวเรื่อง [การรักษาด้วยธรรมชาติ]
    หัวเรื่อง [ผลไม้ต้องกันโรคมะเร็ง]
    หัวเรื่อง [เนื้องอก]

BibComment


ยังไม่เคยถูกคอมเมนท์

คอมเมนท์ทรัพยากรรายการนี้
  คอมเมนท์: กองทัพผลไม้ ปราบ..


 Copyright 2026. Bcnsprnw @Library